000 01742nem a2200373 4500
001 ebr10002612
003 CaPaEBR
006 m u
007 cr cn|||||||||
008 101210s1997 xx s a s 0 eng d
034 0 _aa
040 _aCaPaEBR
_cCaPaEBR
035 _a(OCoLC)704409348
050 1 4 _aG3292.L3
_bF18 1997eb
050 1 4 _aF1418
_b.U83 1997eb
052 _a3292
_bL3
052 _a4900
245 0 0 _aU.S. activities in Latin America and the Caribbean, 1895-1930's
_h[electronic resource].
246 3 _iTitle from title screen:
_aU.S. intervention, Latin America and the Caribbean, 1895-1930's :
_bNorth America, United States, Mexico, Cuba, Dominican Republic, Puerto Rico, Virgin Islands, Venezuela, Panama, Nicaragua, Haiti, Central America, Caribbean, South America map
246 3 _aUnited States activities in Latin America and the Caribbean
255 _aScale varies.
260 _a[S.l.] :
_bMagellan Geographix,
_cc1997.
300 _a1 online resource (1 map)
533 _aElectronic reproduction.
_bPalo Alto, Calif. :
_cebrary,
_d2011.
_nAvailable via World Wide Web.
_nAccess may be limited to ebrary affiliated libraries.
650 0 _aIntervention (Administrative procedure)
_zUnited States
_vMaps.
651 0 _aUnited States
_xForeign relations
_zLatin America
_xHistory
_y20th century
_vMaps.
651 0 _aUnited States
_xForeign relations
_zWest Indies
_xHistory
_y20th century
_vMaps.
651 0 _aLatin America
_vMaps.
651 0 _aWest Indies
_vMaps.
655 7 _aElectronic books.
_2local
710 2 _aMaps.com (Firm)
710 2 _aebrary, Inc.
856 4 0 _uhttp://site.ebrary.com/lib/rucke/Doc?id=10002612
_zAn electronic book accessible through the World Wide Web; click to view
999 _c2359
_d2359